Footballers under Pep Guardiola - Statistics

General Stats
  • This quiz has been taken 82 times
  • The average score is 5 of 26
Answers on the Grid
Answers color-coded by a green-red scale on the quiz's grid according to % correct below.
Martin Demichelis
Kevin-Prince Boateng
Patrick Roberts
Cesc Fàbregas
Henrik Larsson
Carlos Tévez
Brahim Díaz
Marc-André ter Stegen
Wilfried Bony
Kelechi Iheanacho
Alexis Sánchez
Jesús Navas
Jérôme Boateng
Fernando
Ivan Rakitić
Neymar
James Milner
Pablo Zabaleta
Shaun Wright-Phillips
Thiago Alcântara
Thomas Vermaelen
Jeremy Mathieu
Douglas Costa
Javi Martínez
Corentin Tolisso
Leon Goretzka
Sebastian Rode
Sandro Ramírez
Gerard Deulofeu
Scott Sinclair
Adriano
Xherdan Shaqiri
Lucas Digne
Rafinha
Danilo
Nolito
Samuel Eto’o
Jasper Cillessen
Deco
Juan Bernat
Ronaldinho
Frank Lampard
Samir Nasri
Álvaro Negredo
Edin Džeko
 
Answer Stats
Answer % Correct
Cesc Fàbregas
47%
Thiago Alcântara
42%
Martin Demichelis
40%
Jérôme Boateng
38%
Alexis Sánchez
33%
Brahim Díaz
33%
Jesús Navas
29%
Javi Martínez
24%
Samuel Eto’o
24%
Fernando
22%
Kelechi Iheanacho
22%
Pablo Zabaleta
22%
Danilo
18%
Douglas Costa
18%
Henrik Larsson
18%
Xherdan Shaqiri
18%
Rafinha
16%
Samir Nasri
13%
Juan Bernat
11%
Adriano
9%
Gerard Deulofeu
9%
Nolito
9%
Sebastian Rode
9%
Wilfried Bony
4%
Patrick Roberts
2%
Scott Sinclair
0%
No matching quizzes found
Score Distribution
Percent of People with Each Score
Percentile by Number Answered
Your Score History
You have not taken this quiz